Memoria de la Cámara de Comercio Española en México (Record no. 183816)

MARC details
000 -LEADER
campo de control de longitud fija 00669nam a2200157 i 4500
001 - NÚMERO DE CONTROL
campo de control 183816
003 - IDENTIFICADOR DE NÚMERO DE CONTROL
campo de control ES-MaACL
005 - FECHA Y HORA DE LA ÚLTIMA TRANSACCIÓN
campo de control 20250901101043.0
008 - DATOS DE LONGITUD FIJA--INFORMACIÓN GENERAL
campo de control de longitud fija 141020s1891 mx |||| | spa d
110 2# - ENTRADA PRINCIPAL--NOMBRE DE ENTIDAD CORPORATIVA
Nombre de entidad corporativa o nombre de jurisdicción como elemento de entrada Cámara Española de Comercio e Industria de la Ciudad de México
9 (RLIN) 155740
245 10 - MENCIÓN DEL TÍTULO
Título Memoria de la Cámara de Comercio Española en México
Resto del título : leída en la Junta General celebrada el 30 de enero de 1891 bajo la presidencia del señor cónsul de España don Ricardo Lasquetti.
260 ## - PUBLICACIÓN, DISTRIBUCIÓN, ETC.
Lugar de publicación, distribución, etc. México :
Nombre del editor, distribuidor, etc. [s.n.],
Fecha de publicación, distribución, etc. 1891 (
Fabricante Impr. de Francisco Díaz de León)
300 ## - DESCRIPCIÓN FÍSICA
Extensión 45 p. ;
Dimensiones 23 cm.
852 ## - LOCALIZACIÓN
Ubicación ES-MaACL
Número de control de estantería T-540-F-9
Holdings
Estatus retirado Estado de pérdida Estado de daño No para préstamo Colección Biblioteca de origen Biblioteca actual Ubicación en estantería Fecha de adquisición Fuente de adquisición Total de préstamos Signatura topográfica completa Código de barras Visto por última vez Precio de reemplazo Tipo de ítem Koha
        Colección de folletos Biblioteca del Ateneo de Madrid Biblioteca del Ateneo de Madrid Depósito folletos 20/10/2014     T-540-F-9 1193261 23/02/2023 23/02/2023 Folleto